[Event "DFMMLV 2017"]
[Site "Braunfels"]
[Date "2017.06.15"]
[Round "1"]
[White "Diller, Marianne"]
[Black "Vollstaedt-Klein, Sabine"]
[Result "0-1"]
[WhiteElo "1823"]
[BlackElo "1879"]
[Annotator "NA RC"]
[PlyCount "114"]
[EventDate "2017.??.??"]
[EventType "team-tourn"]
[EventCountry "GER"]
[SourceTitle "playchess.com"]
[Source "ChessBase"]
[SourceQuality "1"]
[TimeControl "40/5400+30:1800+30"]

{[%evp 8,112,33,25,31,27,26,32767,32767,32767,52,24,45,29,56,32767,32767,32767,32767,32767,33,10,32767,7,10,8,12,8,29,32767,32767,32767,32767,-27,32767,-112,-58,32767,-87,32767,32767,32767,32767,32767,32767,32767,32767,32767,32767,-412,-308,32767,32767,-332,-253,32767,-113,-340,-307,32767,32767,32767,32767,-408,-468,32767,-495,32767,32767,-633,-466,-467,-427,-516,32767,32767,-445,32767,32767,-462,-443,-473,-493,-451,32767,32767,-386,-345,-408,-390,-373,32767,32767,-255,32767,-256,-247,-248,32767,-288,-256,-335,32767,-403,-314,-311,-379]} 1. d4 {[%emt 0:00:00]} f5 {[%emt 0:00:06]} 2. c4 {[%emt 0:00:05]} g6 {[%emt 0:01:00]} 3. Nc3 {[%emt 0:01:04]} Bg7 {[%emt 0:01:37]} 4. Nf3 {[%emt 0:02:01]} Nf6 {[%emt 0:00:25]} 5. e3 {[%emt 0:00:40]} O-O {[%emt 0:01:21] LiveBook: 55 Games} 6. Be2 {[%emt 0:00:22] A85: Dutch Defence: 2 c4 Nf6 3 Nc3} e6 {[%emt 0:03:54]} (6... b6 7. O-O Bb7 8. b4 e6 9. Qb3 Kh8 10. Bb2 Qe7 11. a4 Nc6 12. Ba3 Nd8 13. a5 d6 14. c5 Ne4 15. Nxe4 Bxe4 {½-½ (52) Bukavshin,I (2655)-Dubov,D (2654) Chita 2015}) 7. O-O {[%emt 0:01:43]} d6 {[%emt 0:00:34]} 8. Qc2 {[%emt 0:06:01]} c6 {[%emt 0:02:02]} 9. b3 {[%emt 0:04:53]} Qc7 {[%emt 0:04:44]} 10. Bb2 $146 {[%emt 0:04:30]} ({Predecessor:} 10. Ba3 Re8 11. Rac1 d5 12. cxd5 exd5 13. Rfe1 a6 14. h3 Ne4 15. Nxd5 Qd8 16. Nf4 {1-0 (42) Kluss,E-Carmichael,I Malente 2004}) 10... Re8 {[%emt 0:01:33]} 11. Rfd1 {[%emt 0:08:42]} Nbd7 {[%emt 0:02:22]} 12. Rac1 {[%emt 0:06:03]} e5 {[%emt 0:02:24]} 13. d5 {[%emt 0:01:00]} c5 {[%emt 0:04:15]} 14. Nb5 {[%emt 0:01:22]} Qb8 {[%emt 0:03:22]} 15. Ng5 {[%emt 0:02:49]} a6 {[%emt 0:03:25]} 16. Nc3 {[%emt 0:00:07]} Nf8 {[%emt 0:00:51]} 17. a3 {[%emt 0:01:09]} e4 {[%emt 0:11:11]} 18. b4 {[%emt 0:01:14]} h6 {[%emt 0:00:16]} 19. Nh3 {[%emt 0:00:04]} b6 {[%emt 0:05:23]} 20. Bf1 {[%emt 0:00:39]} g5 {[%emt 0:01:27]} 21. g3 {[%emt 0:01:06]} (21. Ne2 $15) 21... Ng6 {[%emt 0:01:46]} 22. Kh1 {[%emt 0:02:33]} Qc7 {[%emt 0:04:58]} 23. Rb1 {[%emt 0:06:28]} Rb8 {[%emt 0:03:09]} 24. Rd2 {[%emt 0:01:17]} Ne5 {[%emt 0:02:16]} 25. bxc5 {[%emt 0:05:52]} bxc5 {[%emt 0:02:42]} 26. Ng1 {[%emt 0:00:11]} Qf7 {[%emt 0:01:56]} 27. Kg2 {[%emt 0:09:55]} Qh5 {[%emt 0:00:48]} 28. Qd1 $2 {[%emt 0:00:48]} (28. Nd1) 28... g4 {[%emt 0:03:35]} 29. h4 {[%emt 0:10:42]} gxh3+ {[%emt 0:04:39]} 30. Kh1 {[%emt 0:00:07]} h2 {[%emt 0:03:45]} 31. Nh3 {[%emt 0:00:46]} Nf3 {[%emt 0:02:44]} (31... Qf3+ $19 32. Qxf3 Nxf3) 32. Bc1 $2 {[%emt 0:09:45]} (32. Rc2 $17) 32... Rxb1 {[%emt 0:01:51]} ({Don't play} 32... Nxd2 33. Qxd2 Rxb1 34. Nxb1) 33. Nxb1 {[%emt 0:00:01]} Nxd2 {[%emt 0:00:33]} 34. Qxh5 {[%emt 0:00:48]} Nxh5 {[%emt 0:00:01]} 35. Nxd2 {[%emt 0:00:17]} Bc3 {[%emt 0:02:31]} 36. Kxh2 {[%emt 0:00:11]} Bd7 {[%emt 0:00:24]} 37. Ng1 {[%emt 0:00:42]} Rb8 {[%emt 0:00:21]} 38. Ne2 {[%emt 0:00:18]} Bxd2 {[%emt 0:00:23]} 39. Bxd2 {[%emt 0:00:01]} Nf6 {[%emt 0:00:54]} 40. Nc3 {[%emt 0:07:13]} Rb3 {[%emt 0:31:56]} 41. a4 {[%emt 0:30:11]} Ra3 {[%emt 0:00:42]} 42. a5 {[%emt 0:00:42]} Ng4+ {[%emt 0:00:28]} 43. Kg2 {[%emt 0:02:27]} Rxa5 {[%emt 0:02:59]} 44. f3 {[%emt 0:02:00]} exf3+ {[%emt 0:00:21]} 45. Kxf3 {[%emt 0:00:02]} Nh2+ {[%emt 0:01:46]} 46. Kf2 {[%emt 0:00:26]} Nxf1 {[%emt 0:01:31]} 47. Kxf1 {[%emt 0:00:02]} Kf7 {[%emt 0:00:22]} 48. Ke2 {[%emt 0:00:00]} Ra1 {[%emt 0:00:00]} 49. e4 {[%emt 0:00:00]} Kg6 {[%emt 0:00:00]} 50. Bf4 {[%emt 0:00:00]} Ra3 {[%emt 0:00:00]} 51. exf5+ {[%emt 0:00:00]} Bxf5 {[%emt 0:00:00]} ({Weaker is} 51... Kxf5 52. Kd2 $17) 52. Kd2 {[%emt 0:00:00]} Rb3 {[%emt 0:00:00]} 53. Bxd6 {[%emt 0:00:00]} Rb4 {[%emt 0:00:00]} 54. Be5 {[%emt 0:00:00]} Rxc4 {[%emt 0:00:00]} 55. d6 {[%emt 0:00:00]} h5 {[%emt 0:00:00]} 56. Nd5 {[%emt 0:00:00]} Kf7 $19 {[%emt 0:00:00]} 57. Bf4 {[%emt 0:00:00]} Rd4+ {[%emt 0:00:00]} 0-1

[Event "DFMMLV 2017"]
[Site "Braunfels"]
[Date "2017.06.15"]
[Round "1"]
[White "Hartmann, Cora"]
[Black "Braun, Kristin"]
[Result "1-0"]
[WhiteElo "1788"]
[BlackElo "1860"]
[Annotator "NA"]
[PlyCount "75"]
[EventDate "2017.??.??"]
[EventType "team-tourn"]
[EventCountry "GER"]
[SourceTitle "playchess.com"]
[Source "ChessBase"]
[SourceQuality "1"]
[TimeControl "40/5400+30:1800+30"]

1. e4 {[%emt 0:00:00]} c5 {[%emt 0:00:04]} 2. Nf3 {[%emt 0:00:00]} d6 {[%emt 0:00:02]} 3. Bb5+ {[%emt 0:00:00]} Bd7 {[%emt 0:00:38]} 4. Bxd7+ {[%emt 0:00:00]} Qxd7 {[%emt 0:00:33]} 5. c4 {[%emt 0:01:17]} Qg4 {[%emt 0:16:46] LiveBook: 23 Games B52: Sicilian: Moscow Variation with 3...Bd7} (5... Nf6 6. Nc3 g6 7. d4 cxd4 8. Nxd4 Bg7 9. f3 Qc7 10. b3 Qa5 11. Bd2 Nc6 12. Nd5 Qd8 13. Bc3 e6 14. Nxc6 bxc6 {½-½ (30) Ni,H (2674)-Li,C (2720) China 2017}) 6. O-O {[%emt 0:27:11]} Qxe4 {[%emt 0:02:15]} 7. Qb3 $146 {[%emt 0:02:10]} ({Predecessor:} 7. d4 Nd7 8. Nc3 Qc6 9. Re1 a6 10. Bf4 Ngf6 11. dxc5 Nxc5 12. Nd4 Qd7 13. Bg5 O-O-O 14. b4 Ne6 15. Nxe6 fxe6 {1-0 (31) Svetushkin,D (2582)-Galoyan,L (2251) Yerevan 2014}) 7... Qc6 {[%emt 0:03:26]} 8. Nc3 {[%emt 0:02:33]} Nf6 {[%emt 0:06:03]} 9. Re1 {[%emt 0:03:13]} e6 {[%emt 0:02:38]} 10. d4 {[%emt 0:00:35]} cxd4 {[%emt 0:01:21]} 11. Nxd4 {[%emt 0:00:23]} Qd7 $1 {[%emt 0:02:01]} 12. Nf5 {[%emt 0:12:42]} (12. Bf4 $16) 12... Nc6 {[%emt 0:06:57]} 13. Nb5 {[%emt 0:01:35]} a6 $1 {[%emt 0:04:29]} 14. Nbxd6+ {[%emt 0:02:03]} Bxd6 {[%emt 0:01:31]} 15. Nxg7+ {[%emt 0:00:08]} Kf8 {[%emt 0:12:53]} 16. Bh6 {[%emt 0:02:07]} Ng4 {[%emt 0:04:12]} 17. Qh3 {[%emt 0:06:01]} Bxh2+ {[%emt 0:00:34]} 18. Kf1 {[%emt 0:00:44]} Nxh6 $2 {[%emt 0:03:50] [#]} (18... Nce5 19. Rad1 Qa4) 19. Qxh6 $4 {[%emt 0:04:07]} (19. Rad1 $1 $18 {[%cal Rd1d7] was the only winning move.} Be5 20. Rxd7 Bxg7 21. Rxb7) 19... Qd3+ {[%emt 0:00:55]} 20. Re2 {[%emt 0:00:07]} Qg6 {[%emt 0:00:40]} 21. Nxe6+ {[%emt 0:03:18]} Kg8 {[%emt 0:00:09]} 22. Qxh2 {[%emt 0:00:31]} fxe6 {[%emt 0:01:23] [#]} 23. Re3 $18 {[%emt 0:01:16]} Qe8 {[%emt 0:16:31]} 24. Rg3+ {[%emt 0:02:24]} Kf7 {[%emt 0:01:37]} 25. Rf3+ {[%emt 0:06:46]} Kg7 {[%emt 0:01:06]} 26. Qg3+ {[%emt 0:01:26]} Qg6 {[%emt 0:01:17]} 27. Qc7+ {[%emt 0:00:24]} Kg8 {[%emt 0:03:21]} 28. Rg3 {[%emt 0:00:09]} Rb8 {[%emt 0:00:39]} 29. Re1 {[%emt 0:02:40]} Kf8 {[%emt 0:00:32]} 30. Rxg6 {[%emt 0:00:11]} hxg6 {[%emt 0:00:00]} 31. Kg1 {[%emt 0:01:31]} e5 {[%emt 0:00:24]} 32. Rxe5 {[%emt 0:01:29]} Rd8 {[%emt 0:02:18]} 33. Re1 {[%emt 0:00:11]} Rb8 {[%emt 0:00:18]} 34. g3 {[%emt 0:02:05]} Rg8 {[%emt 0:00:55]} 35. Re6 {[%emt 0:00:32]} Rg7 {[%emt 0:01:03]} 36. Qf4+ {[%emt 0:01:15]} Kg8 {[%emt 0:00:30]} 37. Rxc6 {[%emt 0:00:58]} Rf8 {[%emt 0:00:36]} 38. Rf6 {[%emt 0:00:06]} 1-0

[Event "DFMMLV 2017"]
[Site "Braunfels"]
[Date "2017.06.15"]
[Round "1"]
[White "Ratay, Meike"]
[Black "Ambartsumova, Karina"]
[Result "0-1"]
[WhiteElo "1767"]
[BlackElo "2318"]
[Annotator "TA"]
[PlyCount "100"]
[EventDate "2017.??.??"]
[EventType "team-tourn"]
[EventCountry "GER"]
[SourceTitle "playchess.com"]
[Source "ChessBase"]
[SourceQuality "1"]

{[%evp 9,100,-13,-6,-46,-57,-39,-44,-60,-58,-72,-48,-47,-40,-39,-40,-54,-47,-47,-48,-52,-47,-54,-48,-54,-58,-64,0,0,0,0,0,-16,7,15,15,21,14,-28,49,-43,-35,-35,-35,-35,-31,-18,0,-74,-66,-75,-50,-69,-63,-76,-71,-72,-82,-254,-240,-239,-219,-240,-236,-247,-240,-341,-318,-331,-297,-493,-491,-469,-491,-491,-471,-485,-475,-458,-454,-435,-408,-377,-352,-12814,-5285,-12839,-12839,-12840,-12840,-12841,-12841,-12841,-12842]} 1. e4 c5 2. Nf3 a6 3. c3 d5 4. e5 (4. exd5 Qxd5 5. Na3 Nf6 6. Be2 Nc6 7. Nc4 Qd8 8. a4 Be6 9. a5 Bxc4 10. Bxc4 e6 11. Qa4 Bd6 12. d4 O-O 13. dxc5 Bxc5 {0-1 (63) Vavulin,M (2604)-Artemiev,V (2655) Moscow 2017}) 4... Nc6 5. d4 Bg4 6. Be3 {B28: Sicilian: 2 Nf3 a6 (O'Kelly Variation)} Qb6 $146 (6... Bxf3 $5 7. Qxf3 e6 $11) ({Predecessor:} 6... cxd4 7. cxd4 Bxf3 8. gxf3 e6 9. Nc3 Nge7 10. Be2 Nf5 11. Qd2 Qh4 {0-1 (22) Plukkel,S (2148)-Roktim,B (2365) Vlissingen 2006}) 7. Qd2 e6 (7... Bxf3 $5 8. dxc5 Qa7 9. gxf3 e6 $11) 8. Bd3 {Black is slightly better.} Bxf3 9. gxf3 Nh6 10. O-O c4 11. Be2 Nf5 12. Kh1 Be7 13. Qc2 O-O 14. Nd2 Qc7 15. Rg1 b5 {[%cal Bb7b5,Bb5b4][%mdl 32]} 16. Nf1 f6 17. f4 b4 {[%cal Rf6e5]} 18. Bg4 fxe5 19. fxe5 Bh4 20. Ng3 Bxg3 21. hxg3 a5 22. Kg2 Qf7 23. Rh1 Nce7 ({Much weaker is} 23... Nxe3+ $6 24. fxe3 g6 25. Raf1 $16) ({Black should play} 23... Qg6 $11 24. Bxf5 Rxf5) 24. Bg5 ({White should try} 24. Bc1 $14) 24... Qg6 $15 25. Qd2 h6 26. Bxe7 $1 Nxe7 27. Bh5 Qf5 28. f3 (28. Rae1 $11 {keeps the balance.}) 28... Rab8 $17 29. Raf1 Rb6 30. Bg4 Qg6 31. Bh5 Qd3 32. Qxd3 cxd3 33. Rf2 $2 (33. Bg4 $17 {was necessary.}) 33... bxc3 $19 34. bxc3 Rc8 35. Rc1 {[#]} Rbc6 $1 36. Rd2 Rxc3 37. Rxc3 (37. Rcd1 {might work better.}) 37... Rxc3 {[%mdl 4096] Endgame KRB-KRN} 38. Kf2 Nf5 39. Bg6 $2 (39. Be8 {keeps fighting.}) 39... Rc2 40. Ke1 {[#]} Rxd2 $1 41. Kxd2 Nxd4 {KB-KN} 42. f4 Ne2 43. Kxd3 Nxg3 44. Ke3 Kf8 45. Kf3 Nf5 {White must now prevent ...Nh4+.} 46. Kg4 $2 (46. Bh5) 46... d4 {[%cal Bd5d4,Bd4d3,Bd3d2][%mdl 32] Black is clearly winning.} 47. Bh5 {[#]} g6 $1 48. Bxg6 d3 {( -> ...d2)} 49. Bh5 d2 50. Kh3 Ne3 {Precision: White = 48%, Black = 69%.} 0-1

[Event "DFMMLV 2017"]
[Site "Braunfels"]
[Date "2017.06.15"]
[Round "1"]
[White "Grund, Melanie"]
[Black "Rempel, Yana"]
[Result "1/2-1/2"]
[WhiteElo "1757"]
[BlackElo "2059"]
[Annotator "NA RC"]
[PlyCount "119"]
[EventDate "2017.??.??"]
[EventType "team-tourn"]
[EventCountry "GER"]
[SourceTitle "playchess.com"]
[Source "ChessBase"]
[SourceQuality "1"]
[TimeControl "40/5400+30:1800+30"]

1. d4 {[%emt 0:00:00]} g6 {[%emt 0:00:17]} 2. Nf3 {[%emt 0:00:00]} Bg7 {[%emt 0:00:10]} 3. e3 {[%emt 0:00:20]} f5 {[%emt 0:00:58] A40: Unusual replies to 1 d4} (3... d6 4. c4 e5 5. Nc3 Ne7 6. dxe5 dxe5 7. Qxd8+ Kxd8 8. Ng5 Ke8 9. h4 h6 10. Nf3 Na6 11. Nd2 Nb4 12. Ke2 {0-1 (52) Xu,Y (2516)-Lu,S (2607) Shenzhen 2016}) 4. Be2 {[%emt 0:01:35]} Nf6 {[%emt 0:00:17]} 5. c4 {[%emt 0:03:41]} O-O {[%emt 0:00:36]} 6. Nbd2 {[%emt 0:02:24]} e6 {[%emt 0:03:24]} 7. O-O {[%emt 0:03:31]} b6 $146 {[%emt 0:03:12]} ({Predecessor:} 7... Qe7 8. c5 c6 9. Nc4 d5 10. cxd6 Qf7 11. Nce5 Qe8 {1-0 (32) Morales Rosales,J-Gomez Osorio,J Benalmadena 1999}) 8. Ne5 {[%emt 0:06:48]} Bb7 {[%emt 0:05:58]} 9. Bf3 {[%emt 0:03:41]} d5 {[%emt 0:08:43]} 10. cxd5 {[%emt 0:07:15]} exd5 {[%emt 0:00:39]} 11. Be2 {[%emt 0:03:34]} c5 {[%emt 0:04:58]} 12. b3 {[%emt 0:09:07]} Ne4 {[%emt 0:04:06]} 13. Bb2 {[%emt 0:07:03]} Nd7 {[%emt 0:10:16]} 14. Nxd7 {[%emt 0:10:03]} Qxd7 {[%emt 0:00:04]} 15. Nxe4 {[%emt 0:01:03]} fxe4 {[%emt 0:03:39]} 16. Qd2 {[%emt 0:03:55]} Rac8 {[%emt 0:09:28]} 17. dxc5 {[%emt 0:04:10]} bxc5 {[%emt 0:02:54]} 18. Bxg7 {[%emt 0:04:05]} Qxg7 {[%emt 0:00:11]} 19. Rfd1 {[%emt 0:01:28]} Qe5 {[%emt 0:06:28]} 20. Bf1 {[%emt 0:07:02]} (20. f4 $5 {[%cal Rf4e5]} exf3 21. Bxf3 $11) 20... Rf6 {[%emt 0:10:19]} 21. Rac1 {[%emt 0:02:52]} Qe7 {[%emt 0:10:25]} ({Black should play} 21... Rcf8 $1 $15 22. Rxc5 Rxf2 23. Qxf2 Rxf2 24. Kxf2 Qb2+ 25. Kg1 Qxa2) 22. Rc2 {[%emt 0:02:43]} Rd8 {[%emt 0:01:47]} 23. Qc3 {[%emt 0:01:21]} Rc6 {[%emt 0:00:07]} 24. Qb2 {[%emt 0:01:12]} (24. Rcd2 $5 {[%cal Rd2d5]} Rcc8 25. Be2 $11) 24... Qg7 {[%emt 0:01:02]} (24... Rc7 $11) 25. Qxg7+ {[%emt 0:01:01]} Kxg7 {[%emt 0:00:02]} 26. Rcd2 {[%emt 0:00:01]} Rc7 {[%emt 0:00:42]} 27. Bb5 {[%emt 0:00:42]} Kf6 {[%emt 0:00:17]} 28. f3 {[%emt 0:01:07]} Ke5 {[%emt 0:01:05]} 29. f4+ {[%emt 0:02:01]} Kf5 {[%emt 0:01:10]} 30. g3 {[%emt 0:01:04]} g5 {[%emt 0:00:53]} 31. Kf2 {[%emt 0:01:29]} gxf4 {[%emt 0:00:24]} 32. gxf4 {[%emt 0:00:22]} d4 {[%emt 0:01:51]} 33. exd4 {[%emt 0:00:37]} Kxf4 {[%emt 0:00:09]} 34. Ke2 {[%emt 0:00:53]} cxd4 {[%emt 0:01:54]} 35. Rxd4 {[%emt 0:01:15]} Rc2+ {[%emt 0:01:19]} 36. R4d2 {[%emt 0:00:32]} Rcxd2+ {[%emt 0:01:55]} 37. Rxd2 {[%emt 0:00:11]} Rxd2+ {[%emt 0:02:45]} 38. Kxd2 {[%emt 0:00:12]} Kf3 {[%emt 0:00:25]} 39. Ke1 {[%emt 0:00:26]} h5 $2 {[%emt 0:01:04]} (39... Ke3 $17) 40. Be2+ {[%emt 0:01:06]} Kg2 {[%emt 0:30:19]} 41. Bxh5 {[%emt 0:30:10]} Kxh2 {[%emt 0:00:01]} 42. Kf2 {[%emt 0:00:08]} a5 {[%emt 0:02:41]} 43. Ke3 {[%emt 0:00:44]} Bd5 {[%emt 0:00:27]} 44. Bd1 {[%emt 0:01:22]} Kg3 {[%emt 0:00:00]} 45. Bc2 {[%emt 0:00:00]} a4 {[%emt 0:00:00]} 46. bxa4 {[%emt 0:00:00]} Bxa2 {[%emt 0:00:00]} 47. Bxe4 {[%emt 0:00:00]} Be6 {[%emt 0:00:00]} 48. a5 {[%emt 0:00:00]} Bc8 {[%emt 0:00:00]} 49. Ba8 {[%emt 0:00:00]} Ba6 {[%emt 0:00:00]} 50. Ke4 {[%emt 0:00:00]} Bf1 {[%emt 0:00:00]} 51. Ke5 {[%emt 0:00:00]} Be2 {[%emt 0:00:00]} 52. Bb7 {[%emt 0:00:00]} Bf1 {[%emt 0:00:00]} 53. Ke6 {[%emt 0:00:00]} (53. Kd4 $142 Kf4 54. Bc6 Kf5 55. Bd5 Ba6 56. Bc4 Bc8 57. Kc5 Ke4 58. Bb5) 53... Kf4 {[%emt 0:00:00]} 54. Kf6 {[%emt 0:00:00]} Bc4 {[%emt 0:00:00]} 55. Ke7 $2 {[%emt 0:00:00]} (55. Bg2 $18 {has better winning chances.} Kg3 56. Be4) 55... Ke5 {[%emt 0:00:00]} 56. Kd7 $16 {[%emt 0:00:00]} Bf1 {[%emt 0:00:00]} 57. Kc7 {[%emt 0:00:00]} Be2 {[%emt 0:00:00]} 58. Bc6 {[%emt 0:00:00]} Bf1 {[%emt 0:00:00]} 59. Kb6 {[%emt 0:00:00]} Kd6 {[%emt 0:00:00]} 60. Bb5 1/2-1/2

[Event "DFMMLV 2017"]
[Site "Braunfels"]
[Date "2017.06.15"]
[Round "1"]
[White "Landenberger, Anja Kathrin"]
[Black "Zabarska, Natalia"]
[Result "1-0"]
[WhiteElo "1544"]
[BlackElo "1825"]
[Annotator "NA"]
[PlyCount "71"]
[EventDate "2017.??.??"]
[EventType "team-tourn"]
[EventCountry "GER"]
[SourceTitle "playchess.com"]
[Source "ChessBase"]
[SourceQuality "1"]
[TimeControl "40/5400+30:1800+30"]

1. d4 {[%emt 0:00:48]} f5 {[%emt 0:00:19]} 2. Nf3 {[%emt 0:00:21]} Nf6 {[%emt 0:00:26]} 3. Bf4 {[%emt 0:01:15]} e6 {[%emt 0:01:32]} 4. e3 {[%emt 0:01:08]} d5 {[%emt 0:01:30]} 5. Ne5 {[%emt 0:05:01]} Be7 {[%emt 0:13:28]} 6. Nd2 {[%emt 0:01:57]} O-O {[%emt 0:05:03]} 7. Be2 {[%emt 0:09:32]} Bd7 {[%emt 0:03:44]} 8. O-O {[%emt 0:02:42]} Be8 {[%emt 0:01:03]} 9. c4 {[%emt 0:09:50]} c6 {[%emt 0:07:22]} 10. Qb3 {[%emt 0:17:20]} Nbd7 {[%emt 0:11:59]} 11. cxd5 {[%emt 0:29:06]} exd5 {[%emt 0:11:54]} 12. Qxb7 {[%emt 0:01:57]} Rb8 {[%emt 0:00:18]} 13. Qa6 {[%emt 0:00:12]} Rxb2 $18 {[%emt 0:04:50]} (13... Nxe5 $14 14. Bxe5 (14. dxe5 Nd7 $11) 14... Rxb2) 14. Nxc6 {[%emt 0:00:42]} Nb8 {[%emt 0:07:30]} 15. Nxb8 {[%emt 0:02:21]} Rxd2 {[%emt 0:01:24]} 16. Bb5 {[%emt 0:01:25]} Bxb5 {[%emt 0:06:01]} 17. Qxb5 {[%emt 0:00:09]} Bd6 {[%emt 0:03:22]} 18. Nc6 {[%emt 0:02:25]} Qd7 {[%emt 0:02:11]} 19. Bxd6 {[%emt 0:02:56]} Qxd6 {[%emt 0:00:02]} 20. Ne5 {[%emt 0:00:08]} Rb8 {[%emt 0:03:44]} 21. Qa5 {[%emt 0:01:42]} Rbb2 {[%emt 0:07:31]} 22. Qxa7 {[%emt 0:00:44]} h6 {[%emt 0:00:48]} 23. Qf7+ {[%emt 0:00:39]} Kh7 {[%emt 0:00:06]} 24. Qg6+ {[%emt 0:00:35]} Kg8 {[%emt 0:00:08]} 25. Nf7 {[%emt 0:02:22]} Qc7 {[%emt 0:01:22]} 26. Nxh6+ {[%emt 0:00:17]} Kf8 {[%emt 0:01:06]} 27. Rac1 {[%emt 0:01:13]} Rdc2 {[%emt 0:01:24]} 28. Rxc2 {[%emt 0:00:18]} Rxc2 {[%emt 0:00:02]} 29. Nxf5 {[%emt 0:00:30]} Ne4 {[%emt 0:01:06]} 30. Ng3 {[%emt 0:01:09]} Rc1 {[%emt 0:01:21]} 31. Qf5+ {[%emt 0:01:28]} Ke8 {[%emt 0:01:33]} 32. Qe5+ {[%emt 0:00:52]} Qxe5 {[%emt 0:00:59]} 33. dxe5 {[%emt 0:00:05]} Rc2 {[%emt 0:00:14]} 34. Nxe4 {[%emt 0:00:22]} dxe4 {[%emt 0:00:02]} 35. Ra1 {[%emt 0:00:19]} Ke7 {[%emt 0:00:05]} 36. a4 {[%emt 0:00:12]} 1-0

[Event "DFMMLV 2017"]
[Site "Braunfels"]
[Date "2017.06.15"]
[Round "1"]
[White "Brender, Biserka"]
[Black "Bethge, Johanna"]
[Result "0-1"]
[WhiteElo "1231"]
[BlackElo "1668"]
[Annotator "NA RC"]
[PlyCount "132"]
[EventDate "2017.??.??"]
[EventType "team-tourn"]
[EventCountry "GER"]
[SourceTitle "playchess.com"]
[Source "ChessBase"]
[SourceQuality "1"]
[TimeControl "40/5400+30:1800+30"]

1. d4 {[%emt 0:00:00]} d5 {[%emt 0:00:07]} 2. Nf3 {[%emt 0:00:00]} Nf6 {[%emt 0:00:21]} 3. e3 {[%emt 0:01:30]} Nbd7 {[%emt 0:02:57]} 4. c4 {[%emt 0:00:39]} e6 {[%emt 0:00:30]} 5. a3 {[%emt 0:01:19]} c5 {[%emt 0:04:08]} 6. Nc3 {[%emt 0:02:14]} Nb6 {[%emt 0:03:34]} 7. cxd5 {[%emt 0:01:21]} Nbxd5 {[%emt 0:00:30]} 8. Bb5+ {[%emt 0:00:28]} Bd7 {[%emt 0:00:48]} 9. Bxd7+ {[%emt 0:00:05]} Qxd7 {[%emt 0:03:54]} 10. Ne5 {[%emt 0:02:03]} Nxc3 {[%emt 0:07:59]} 11. bxc3 {[%emt 0:02:15]} Qb5 {[%emt 0:03:46]} 12. c4 {[%emt 0:02:08]} Qa6 {[%emt 0:00:16]} 13. O-O {[%emt 0:04:33]} Be7 {[%emt 0:00:38]} 14. Qb3 {[%emt 0:09:25]} O-O {[%emt 0:11:34]} 15. a4 {[%emt 0:06:43]} Rfd8 {[%emt 0:07:26]} 16. Ba3 {[%emt 0:02:58]} Rac8 {[%emt 0:01:58]} 17. Rfd1 {[%emt 0:06:08]} g6 {[%emt 0:09:04]} 18. Rab1 {[%emt 0:01:20]} b6 {[%emt 0:00:41]} 19. dxc5 {[%emt 0:05:37]} Rxd1+ {[%emt 0:01:06]} 20. Rxd1 {[%emt 0:00:54]} Bxc5 {[%emt 0:02:56]} 21. Bxc5 {[%emt 0:02:08]} Rxc5 {[%emt 0:02:29]} 22. Rd8+ {[%emt 0:03:52]} Kg7 {[%emt 0:00:07]} 23. f4 {[%emt 0:02:37]} Qa5 {[%emt 0:05:03]} 24. Rd1 {[%emt 0:10:00]} Rc7 {[%emt 0:08:10]} 25. h3 {[%emt 0:02:31]} Ne4 {[%emt 0:03:16]} 26. Kh2 {[%emt 0:09:21]} Qc3 {[%emt 0:02:07]} 27. Qxc3 {[%emt 0:06:34]} Nxc3 {[%emt 0:00:06]} 28. Ra1 {[%emt 0:03:44]} f6 {[%emt 0:01:21]} 29. Nf3 {[%emt 0:01:09]} Rxc4 {[%emt 0:00:24]} 30. a5 {[%emt 0:00:49]} Rc7 {[%emt 0:04:11]} 31. axb6 {[%emt 0:00:50]} axb6 {[%emt 0:00:06]} 32. Ra6 {[%emt 0:01:14]} Rb7 {[%emt 0:01:05]} 33. Nd4 {[%emt 0:00:35]} Kf7 {[%emt 0:01:48]} 34. g4 {[%emt 0:01:48]} Nd5 {[%emt 0:01:09]} 35. Nb5 {[%emt 0:00:37]} Ke7 {[%emt 0:01:30]} 36. Na7 {[%emt 0:01:12]} Kd7 {[%emt 0:01:44]} 37. e4 {[%emt 0:00:58]} Nxf4 {[%emt 0:00:19]} 38. Kg3 {[%emt 0:00:14]} Nd3 {[%emt 0:00:49]} 39. Ra3 {[%emt 0:00:41]} Nc5 {[%emt 0:00:18]} 40. Kf3 {[%emt 0:00:44]} e5 {[%emt 0:33:05]} 41. Nb5 {[%emt 0:32:00]} Ke7 {[%emt 0:02:50]} 42. h4 {[%emt 0:00:40]} Rd7 {[%emt 0:01:06]} 43. Ke2 {[%emt 0:00:00]} Nxe4 {[%emt 0:00:00]} 44. Kf3 {[%emt 0:00:00]} Nd6 {[%emt 0:00:00]} 45. Na7 {[%emt 0:00:00]} Rc7 {[%emt 0:00:00]} 46. Ra2 {[%emt 0:00:00]} Kd7 {[%emt 0:00:00]} 47. Ke2 {[%emt 0:00:00]} b5 {[%emt 0:00:00]} 48. Ra5 {[%emt 0:00:00]} Rb7 {[%emt 0:00:00]} 49. Ra6 {[%emt 0:00:00]} b4 {[%emt 0:00:00]} 50. Nc6 {[%emt 0:00:00]} Nc8 {[%emt 0:00:00]} 51. Na5 {[%emt 0:00:00]} Ra7 {[%emt 0:00:00]} 52. Rxa7+ {[%emt 0:00:00]} Nxa7 {[%emt 0:00:00]} 53. Kd3 {[%emt 0:00:00]} Nc6 {[%emt 0:00:00]} 54. Nb3 {[%emt 0:00:00]} Kd6 {[%emt 0:00:00]} 55. Ke4 {[%emt 0:00:00]} Ne7 {[%emt 0:00:00]} 56. Na5 {[%emt 0:00:00]} f5+ {[%emt 0:00:00]} 57. gxf5 {[%emt 0:00:00]} gxf5+ {[%emt 0:00:00]} 58. Kd3 {[%emt 0:00:00]} Kd5 {[%emt 0:00:00]} 59. Nb3 {[%emt 0:01:06]} f4 {[%emt 0:00:00]} 60. Nd2 {[%emt 0:01:18]} Nf5 {[%emt 0:00:00]} 61. h5 {[%emt 0:01:13]} Ng3 {[%emt 0:00:00]} 62. h6 {[%emt 0:01:29]} e4+ {[%emt 0:00:00]} 63. Kc2 {[%emt 0:00:33]} Nf5 {[%emt 0:00:00]} 64. Kb3 {[%emt 0:02:31]} e3 {[%emt 0:00:00]} 65. Nf3 {[%emt 0:01:20]} Nd4+ {[%emt 0:00:00]} 66. Nxd4 {[%emt 0:00:22]} Kxd4 {[%emt 0:00:00]} 0-1